Múzeá a galérie Východoslovenského kraja

Bibliographic Details
Format: Article
Language:Slovak
Subjects:

MARC

LEADER 00000nab a2200000 a 4500
001 vtls000225185
003 SK-MaSNL
005 20260305030642.0
008 250423c1985 xo 0 slo
015 |a SNBRB19rr/mm-uuuuu 
035 |a CL0235299 
035 |a urn:nbn:sk:snk-ab2v3s 
035 |a (urnnbn)urn:nbn:sk:snk:ar-a02zjb 
035 |a (uuid)580b14cc-e381-461a-8f5b-ea494cfd303f 
040 |a SNKBUCL  |b slo  |c SNKBUCL  |e AACR2 
041 0 |a slo 
044 |a xo  |c SK 
080 |a 069(437.67)  |2 1981 
080 |a 93/94  |2 2011 
080 |a 502.21(1-751.4)  |2 2011 
080 |a 911.375  |2 2011 
245 0 0 |a Múzeá a galérie Východoslovenského kraja 
650 0 7 |a múzeá  |2 snkbucl  |9 4119 
650 0 7 |a galérie  |2 snkbucl  |9 21513 
650 0 7 |a dejiny  |2 SNKPH  |9 3825 
650 0 7 |a pamiatky  |2 SNKPH  |9 3808 
650 0 7 |a mestá  |2 SNKPH  |9 2929 
651 7 |a Východoslovenský kraj (Slovensko)  |2 snkbucl  |9 161537 
655 7 |a články z novín a časopisov  |2 snkbucl  |9 267496 
773 0 |t Krásy Slovenska  |g Roč. 62, č. 8 (1985) 
850 |a Slovenská národná knižnica 
852 |a Slovenská národná knižnica 
954 |a odborná, vedecká literatúra pôvodná (slovenská)  |2 lita 
957 |a 5400 
958 |a article27 
958 |a OND 
958 |a RK 
958 |a EUIPO 
992 |a RBX 
999 |c 3312513  |d 3314443